000 01849cam a22002054a 4500
005 20250605164028.0
008 250528s ||||||||||||||||||||||||d
035 _a16535
020 _a9602353015
040 _aGR-AtMCL
_bgre
_dGR-AtMCL
_eAACR2
245 1 _aΝεότερη Ιστορία / Ελληνική και Ευρωπαϊκη
250 _a
260 _bΓνώση,
_c1990
300 _a280
520 _aΜία δομική, ερμηνευτική προσέγγιση των ιστορικών φαινομένων και συνολικής σύλληψης της ιστορικής εξέλιξης. Πρόλογος, Περιεχόμενα, Η Ευρώπη Κέντρο του Κόσμου: Η Εξάπλωση, Αναζητήσεις και Αναγέννηση: Ο Άνθρωπος, Κατεστημένα και Κατάρρευση: Οι Μεταρρυθμίσεις, Στο 17ο Αιώνα: Αντιπαραθέσεις και Διευκρινίσεις, Η Αμερικάνικη Επανάσταση και τα Πρώτα Βήματα των ΗΠΑ, Η Επιστημή και η Τέχνη στο 18ο Αιώνα, Ο Διαφωτισμός και η Γαλλική Επανάσταση, Η Τουρκοκρατία στην Ελλάδα, Ο Αγώνας της Ανεξαρτησίας, Η Ελλάδα στο 19ο Αιώνα: Κοινωνία και Πολιτεία (1828-1909), Βιομηχανική Επανάσταση: Οικονομικές και Κοινωνικές Επιπτώσεις στο 19ο Αιώνα, Η Ελληνική Κοινωνία και Πολιτεία από το 1910 έως το 1935, Η Ελλάδα των Κρίσεων και των Αναζητήσεων (1936-1982).
700 1 _aΚρεμμυδάς Βασίλης
_92633
942 _cBK
999 _c2028
_d2028